000 00652nam a2200181 4500
001 145374
003 ES-MaACL
005 20230906201223.0
007 t|
008 070214s1944 sp r ||||1| spa d
100 1 _aSoroa y Pineda, José María de.
_9107414
245 1 3 _aEl aceite de oliva
_b: extracción, elaboración y aprovechamiento de los residuos de la elayotecnia /
_cJose María Soroa y Pineda.
250 _a3ª ed. corr. y considerablemente aum.
260 _aMadrid :
_bDossat,
_c1944 (
_fTip. Artística)
300 _aX, 376 p. :
_bil. ;
_c22 cm.
650 _aAceite de oliva-
_xElaboración.
_9171210
852 _aES-MaACL
_jF-16208
999 _c145374
_d145374